000 01372nam a2200277 a 4500
001 000037967
003 DO-SdBNP
005 20250703114711.0
007 ta
008 130311s2012 dr 001 0 spa d
020 _a9789945486230
040 _aDO-SdBNP
_bspa
_cBNPHU
082 4 _a100
_bD431f
_222
245 0 3 _aEl derecho a la filosofía :
_besbozo de una estrategia para su implementación en el país /
_ceditor Luis O. Brea Franco.
260 _aSanto Domingo :
_bCONARE,
_c2012.
300 _a190 p. ;
_c25 cm.
500 _aIncluye bibliografía y notas al pie de páginas.
520 _aSe presentan las actividades y ponencias presentadas durante el debate realizado en el año 2005 para dilucidar el tema del Desarrollo del pensamiento crítico en la enseñanza de la Filosofía en la República Dominicana y su reintroducción en todos los niveles de currículo de la enseñanza básica, media y superior.
590 _aInventariado, 2018 /LP
650 4 _aFilosofía
_xEnseñanza
_zRepública Dominicana
_964375
_vEnsayos, conferencias, etc.
650 0 _aEducación y estado
_zRepública Dominicana
_951256
_vEnsayos, conferencias, etc.
700 1 _aNuñez Polanco, Diómedes
_d1952-
_eeditor
_983559
710 1 _aRepública Dominicana. Consejo Nacional de Reforma del Estado
_964396
910 _aValidado. Control de calidad EMS
942 _2ddc
_cLBS1
999 _c37457
_d37457